Normal view
MARC view
- MS-Basic sciences Humanities
Entry Topical Term
001 - CONTROL NUMBER
- control field: 126585
003 - CONTROL NUMBER IDENTIFIER
- control field: NUST
005 - DATE AND TIME OF LATEST TRANSACTION
- control field: 20241029132153.0
008 - FIXED-LENGTH DATA ELEMENTS
- fixed length control field: 241029|| aca||aabn | a|a d
040 ## - CATALOGING SOURCE
- Original cataloging agency: NUST
- Transcribing agency: NUST
150 ## - HEADING--TOPICAL TERM
- Topical term or geographic name entry element: MS-Basic sciences Humanities
670 ## - SOURCE DATA FOUND
- Source citation: Work cat.: (NUST)540610: Muneer, Aamara 34728, The impact of protracted Afghan refugees on socio-economic conditions of Peshawar and its remedial measures/, 2017.
